ARRUPE JESUIT UNIVERSITY

CORONAVIRUS -STOP THE SPREAD - CLEAN,DISINFECT,COVER

Old Mapicha and other stories (Record no. 24617)

MARC details
000 -LEADER
fixed length control field 00546nam a2200229Ia 4500
003 - CONTROL NUMBER IDENTIFIER
control field 0100
008 - FIXED-LENGTH DATA ELEMENTS--GENERAL INFORMATION
fixed length control field 130303s9999 xx 000 0 und d
020 ## - INTERNATIONAL STANDARD BOOK NUMBER
International Standard Book Number 0869222635
040 ## - CATALOGING SOURCE
Transcribing agency ARRUPELIB
050 ## - LIBRARY OF CONGRESS CALL NUMBER
Classification number PR9390.9.N93O4 1983
300 ## - PHYSICAL DESCRIPTION
Other physical details 18cm
100 ## - MAIN ENTRY--PERSONAL NAME
Personal name Nyika, Oliver P
245 ## - TITLE STATEMENT
Title Old Mapicha and other stories
260 ## - PUBLICATION, DISTRIBUTION, ETC. (IMPRINT)
Place of publication, distribution, etc Gweru
260 ## - PUBLICATION, DISTRIBUTION, ETC. (IMPRINT)
Name of publisher, distributor, etc Mambo Press
260 ## - PUBLICATION, DISTRIBUTION, ETC. (IMPRINT)
-- 1983
300 ## - PHYSICAL DESCRIPTION
Extent 102p.
440 ## - SERIES STATEMENT/ADDED ENTRY--TITLE
Title Mambo Writers Series no. 13
650 ## - SUBJECT ADDED ENTRY--TOPICAL TERM
Topical term following geographic name as entry element Social sciences--Philosophy
650 ## - SUBJECT ADDED ENTRY--TOPICAL TERM
Location of event Enlightenment
942 00 - ADDED ENTRY ELEMENTS (KOHA)
Koha issues (borrowed), all copies 1
Holdings
Withdrawn status Lost status Source of classification or shelving scheme Damaged status Not for loan Collection code Home library Current library Shelving location Date acquired Total Checkouts Full call number Barcode Date last seen Date checked out Copy number Price effective from Koha item type
    Library of Congress Classification     Main Collection ARRUPE LIBRARY ARRUPE LIBRARY   04/03/2013 3 PR9390.9.N93O4 1983 46003063697 07/03/2022 24/01/2022 1 04/03/2013 Monograph ( Printed materials)

 

Arrupe Library. PO Box MP320 Mt Pleasant, Harare, Zimbabwe
263 242 745411|librarian@aju.ac.zw